| 000 | 00445nam a2200181Ia 4500 | ||
|---|---|---|---|
| 001 | 23300 | ||
| 005 | 20260414150928.0 | ||
| 008 | 260414t2015||||xx |||||||||||||| ||spa|| | ||
| 041 | _aESP | ||
| 082 |
_a628.4 _bS712 |
||
| 100 |
_aSadhwani Alonso, José Jaime _eAUT |
||
| 245 | 0 |
_aGestión y tratamiento de residuos I _b |
|
| 260 | _c2015 | ||
| 300 |
_a106 páginas : _c24 cm. |
||
| 650 | _aCNM | ||
| 654 | _aCCN | ||
| 942 |
_cLIB _dJUS _fJUS _2ddc _n |
||
| 999 |
_c23300 _d23300 |
||